[Event "IECG TG.2003.0.14827"]
[Site "IECG email"]
[Date "2003.03.18"]
[Round "2"]
[White "Audet, Eric"]
[Black "Baker, Ted"]
[Result "1-0"]
[WhiteElo "1400"]
[BlackElo "1400"]
[PlyCount "49"]
[EventDate "2003.03.18"]
[EventType "match (corr)"]
[EventRounds "2"]
[SourceTitle "Corr 2008"]
[Source "ChessBase"]
[SourceDate "2008.06.24"]
[SourceVersion "1"]
[SourceVersionDate "2008.06.24"]
[SourceQuality "1"]

1. e4 c5 2. Nf3 Nc6 3. d4 cxd4 4. Nxd4 Nf6 5. Nc3 d6 6. Bc4 g6 7. 0-0 Bg7 8. Re1 0-0 9. Nxc6 bxc6 10. Bd3 Rb8 11. Bf4 Qb6 12. b3 Ng4 13. Re2 Bxc3 14. Rc1 a5 15. h3 Re8 16. hxg4 Bxg4 17. Kf1 Bxe2+ 18. Qxe2 Qb4 19. Rd1 e5 20. Bc1 Red8 21. a3 Qb7 22. Bg5 Rf8 23. Qf3 Qd7 24. Bh6 Rfe8 25. Qf6 1-0

[Event "IECG TG.2003.0.14827"]
[Site "IECG email"]
[Date "2003.03.18"]
[Round "1"]
[White "Baker, Ted"]
[Black "Audet, Eric"]
[Result "0-1"]
[WhiteElo "1400"]
[BlackElo "1400"]
[PlyCount "76"]
[EventDate "2003.03.18"]
[EventType "match (corr)"]
[EventRounds "2"]
[SourceTitle "Corr 2008"]
[Source "ChessBase"]
[SourceDate "2008.06.24"]
[SourceVersion "1"]
[SourceVersionDate "2008.06.24"]
[SourceQuality "1"]

1. d4 Nf6 2. e3 d5 3. Bd3 e6 4. Nd2 c5 5. c3 Nc6 6. f4 c4 7. Bc2 Be7 8. Ngf3 0-0 9. Ne5 Bd7 10. 0-0 b5 11. g4 a5 12. g5 Ne8 13. Qh5 g6 14. Qh4 Nd6 15. Rf3 h5 16. Nxg6 fxg6 17. Bxg6 Kg7 18. Bc2 Rh8 19. Nf1 Qe8 20. Bd2 Ne4 21. Bc1 b4 22. Ng3 Qg6 23. Bd2 Nxd2 24. Rf2 Qxc2 25. Nxh5+ Kg6 26. f5+ exf5 27. Nf4+ Kf7 28. g6+ Kg7 29. Nh5+ Kxg6 30. Rg2+ Kf7 31. Qh3 Qxb2 32. Rf1 Rag8 33. Rxf5+ Ke8 34. Ng7+ Kd8 35. Ne6+ Bxe6 36. Rxg8+ Rxg8+ 37. Kf2 Ne4+ 38. Kf3 Qf2# 0-1